Statistics for Diaspora-Pakistan

Click here to take the quiz!

General Stats

  • This quiz has been taken 68 times
  • The average score is 22 of 28

Answer Stats

Number of immigrantsContinentCountry% Correct
409.163North AmericaUnited States of America
100%
1.174.983EuropeUnited Kingdom
98%
2.600.000AsiaSaudi Arabia
95%
104.000EuropeFrance
95%
10.000AsiaIndia
95%
1.200.000AsiaUnited Arab Emirates
93%
73.000EuropeGermany
93%
215.560North AmericaCanada
91%
118.181EuropeItaly
88%
82.723EuropeSpain
86%
61.913OceaniaAustralia
84%
30.094AsiaChina
83%
7.065AsiaIran
83%
109.853AsiaKuwait
83%
235.000AsiaOman
83%
125.000AsiaQatar
83%
500.645AsiaBangladesh
81%
71.000AsiaAfghanistan
78%
130.000AfricaSouth Africa
71%
10.299AsiaJapan
69%
112.000AsiaBahrain
69%
59.281AsiaMalaysia
62%
12.000AsiaJordan
53%
10.423AsiaSouth Korea
50%
45.191EuropeNorway
48%
34.177EuropeGreece
48%
6.241EuropeAustria
48%
65.000AsiaThailand
47%

Score Distribution

Percentile by Number Answered

Percent of People with Each Score

Your Score History

You have not taken this quiz